000 01006nam a2200241Ia 4500
999 _c40425
_d40425
001 7034
003 GE_BSU
005 20231109153315.0
008 181216s2010||||ge |||||||||||||| ||geo||
020 _a9789941023422
040 _cGE_BSU
041 _ageo
080 _a005.915 გ-14
100 _aგადელია, დემურ
_9725
245 _aფინანსური მენეჯმენტი /
_cდემურ გადელია ; რედ. ლელა ბახტაძე.
264 _aთბილისი :
_bშპს.დარბეგის სტამბა,
_c2010.
300 _a478 გვ. ;
_c22 სმ.
504 _aბიბლიოგრაფია ტექსტების შენიშვნებში და გვ. : 475-477
541 _h23ლ.
653 _aფინანსური მენეჯმენტი
700 _aბახტაძე, გადელია
_eრედაქტორი
_920311
942 _cBK
_2udc